[Event "EU-ch Rapid"]
[Site "Katowice"]
[Date "2022.12.17"]
[Round "1"]
[White "Polak, Sylwia"]
[Black "Hjartarson, Johann"]
[Result "0-1"]
[WhiteElo "1617"]
[BlackElo "2476"]
[PlyCount "40"]
[EventDate "2022.12.17"]
[EventType "swiss (rapid)"]
[EventRounds "11"]
[EventCountry "POL"]
[SourceTitle "CBM 211 Extra"]
[Source "ChessBase"]
[SourceDate "2023.01.31"]
[SourceVersion "1"]
[SourceVersionDate "2023.01.31"]
[SourceQuality "1"]

1. d4 Nf6 2. c4 e6 3. Nc3 Bb4 4. f3 c5 5. d5 d6 6. e4 exd5 7. cxd5 Nbd7 8. Bd3 0-0 9. Nge2 a6 10. a4 Ne5 11. 0-0 Bd7 12. Bg5 h6 13. Bh4 c4 14. Bc2 Bc5+ 15. Kh1 Ng6 16. Bf2 Bxf2 17. Rxf2 b5 18. axb5 axb5 19. Rxa8 Qxa8 20. Rf1 b4 0-1

[Event "POL-chT 2nd League"]
[Site "Sypniewo"]
[Date "2021.09.04"]
[Round "1.13"]
[White "Cieslak, Wiktoria"]
[Black "Polak, Sylwia"]
[Result "1-0"]
[WhiteElo "1915"]
[BlackElo "1481"]
[PlyCount "91"]
[EventDate "2021.09.04"]
[EventType "team-swiss"]
[EventRounds "9"]
[EventCountry "POL"]
[SourceTitle "CBM 204 Extra"]
[Source "ChessBase"]
[SourceDate "2021.11.30"]
[SourceVersion "1"]
[SourceVersionDate "2021.11.30"]
[SourceQuality "1"]
[WhiteTeam "Grudziadz Rotmistrz"]
[BlackTeam "Rzeszow RzKSz"]
[WhiteTeamCountry "POL"]
[BlackTeamCountry "POL"]

1. e4 e6 2. d4 d5 3. Nd2 c5 4. exd5 Qxd5 5. Ngf3 cxd4 6. Bc4 Qd6 7. 0-0 Nf6 8. Nb3 Nc6 9. Nbxd4 Nxd4 10. Nxd4 Be7 11. Nb5 Qc5 12. b3 Qc6 13. Bf4 Nd5 14. Bxd5 Qxb5 15. c4 Qa5 16. Be4 0-0 17. Qf3 Bf6 18. Rab1 Qxa2 19. Bxb7 Bxb7 20. Qxb7 e5 21. Be3 a5 22. c5 Rab8 23. Qa6 Rxb3 24. Rxb3 Qxb3 25. Qxa5 e4 26. c6 Qc3 27. Qxc3 Bxc3 28. c7 Ba5 29. Bf4 g5 30. Bd6 Rc8 31. Rb1 Bxc7 32. Rc1 Bxd6 33. Rxc8+ Kg7 34. Re8 f5 35. Re6 Bb4 36. g4 fxg4 37. Rxe4 Bd6 38. Rxg4 Bf4 39. h4 Kf6 40. hxg5+ Bxg5 41. Kg2 Kf5 42. Kf3 Bc1 43. Rb4 Bd2 44. Rb5+ Kf6 45. Kg4 Bc1 46. f4 1-0

[Event "POL-chT 2nd League"]
[Site "Poronin"]
[Date "2020.09.07"]
[Round "3.16"]
[White "Trusz, Julia"]
[Black "Polak, Sylwia"]
[Result "1/2-1/2"]
[WhiteElo "1675"]
[BlackElo "1590"]
[PlyCount "69"]
[EventDate "2020.09.05"]
[EventType "team-swiss"]
[EventRounds "9"]
[EventCountry "POL"]
[SourceTitle "CBM 198 Extra"]
[Source "ChessBase"]
[SourceDate "2020.11.30"]
[SourceVersion "1"]
[SourceVersionDate "2020.11.30"]
[SourceQuality "1"]
[WhiteTeam "Radkow Giecek"]
[BlackTeam "Rzeszow RzKSz"]
[WhiteTeamCountry "POL"]
[BlackTeamCountry "POL"]

1. d4 d5 2. c4 c6 3. Nf3 Nf6 4. Qc2 e6 5. g3 Nbd7 6. Nbd2 Bd6 7. Bg2 0-0 8. 0-0 Qe7 9. e4 dxe4 10. Nxe4 Nxe4 11. Qxe4 e5 12. dxe5 Nxe5 13. Nxe5 Qxe5 14. Qc2 Bf5 15. Qb3 Qe7 16. Be3 Rfd8 17. Rfe1 Qc7 18. Rad1 Be6 19. Qc2 Bb4 20. Rf1 b6 21. Bf4 Bd6 22. Bg5 Re8 23. Qd3 Be5 24. b3 f6 25. Bc1 Rad8 26. Qf3 c5 27. Rxd8 Rxd8 28. Rd1 Rxd1+ 29. Qxd1 Qd6 30. Qxd6 Bxd6 31. Be4 Be5 32. Kf1 Kf7 33. Ke2 f5 34. Bc2 Kf6 35. Be3 1/2-1/2

[Event "POL-chT 2nd League"]
[Site "Szklarska Poreba"]
[Date "2017.09.05"]
[Round "4.17"]
[White "Borkowska, Zuzanna"]
[Black "Polak, Sylwia"]
[Result "1/2-1/2"]
[WhiteElo "1634"]
[BlackElo "1371"]
[PlyCount "74"]
[EventDate "2017.09.02"]
[EventType "team-swiss"]
[EventRounds "9"]
[EventCountry "POL"]
[SourceTitle "CBM 180 Extra"]
[Source "ChessBase"]
[SourceDate "2017.10.06"]
[SourceVersion "1"]
[SourceVersionDate "2017.10.06"]
[SourceQuality "1"]
[WhiteTeam "Bydgoszcz Wiartrak"]
[BlackTeam "Rzeszow"]
[WhiteTeamCountry "POL"]
[BlackTeamCountry "POL"]

1. e4 c5 2. Nf3 e6 3. d3 a6 4. a4 Qc7 5. g3 d6 6. Bg2 Nf6 7. 0-0 Be7 8. Re1 Nbd7 9. Nbd2 0-0 10. Nc4 e5 11. Nh4 g6 12. f4 Rb8 13. a5 b5 14. axb6 Nxb6 15. fxe5 dxe5 16. Nxb6 Qxb6 17. c4 Rd8 18. Qc2 Qb3 19. Qxb3 Rxb3 20. Bf1 Nd7 21. Ng2 Nb8 22. Ne3 Nc6 23. Nd5 Bd6 24. Ra3 Rb8 25. Re2 Nd4 26. Rf2 Kg7 27. Bg5 Rf8 28. Bf6+ Kh6 29. Be7 Bxe7 30. Nxe7 Bb7 31. Rf6 Rbe8 32. Nd5 Re6 33. Bh3 Bxd5 34. Bxe6 Bxe6 35. Rxa6 Rb8 36. Rf2 Kg7 37. Kf1 Nc6 1/2-1/2

[Event "POL-chT 2nd League"]
[Site "Szklarska Poreba"]
[Date "2017.09.03"]
[Round "2.17"]
[White "Pastuszko, Kinga"]
[Black "Polak, Sylwia"]
[Result "1-0"]
[WhiteElo "1971"]
[BlackElo "1371"]
[PlyCount "36"]
[EventDate "2017.09.02"]
[EventType "team-swiss"]
[EventRounds "9"]
[EventCountry "POL"]
[SourceTitle "CBM 180 Extra"]
[Source "ChessBase"]
[SourceDate "2017.10.06"]
[SourceVersion "1"]
[SourceVersionDate "2017.10.06"]
[SourceQuality "1"]
[WhiteTeam "Konin UKS Smecz"]
[BlackTeam "Rzeszow"]
[WhiteTeamCountry "POL"]
[BlackTeamCountry "POL"]

1. e4 c5 2. Nf3 e6 3. d4 cxd4 4. Nxd4 a6 5. Bd3 Qc7 6. 0-0 Nf6 7. c3 Be7 8. f4 d6 9. Kh1 Nbd7 10. Qf3 0-0 11. Be3 Nc5 12. Bc2 Rd8 13. Nd2 Bd7 14. Rae1 e5 15. Nf5 Bf8 16. fxe5 dxe5 17. Nh6+ gxh6 18. Qxf6 h5 1-0

[Event "POL-chT U20 2nd League"]
[Site "Szczyrk"]
[Date "2017.07.30"]
[Round "11.54"]
[White "Hertlein, Irena"]
[Black "Polak, Sylwia"]
[Result "1-0"]
[WhiteElo "1420"]
[BlackElo "1454"]
[PlyCount "75"]
[EventDate "2017.07.22"]
[EventType "team-swiss"]
[EventRounds "11"]
[EventCountry "POL"]
[SourceTitle "EXT 2019"]
[Source "ChessBase"]
[SourceDate "2018.10.10"]
[SourceVersion "1"]
[SourceVersionDate "2018.10.10"]
[SourceQuality "1"]

1. e4 c5 2. Nf3 e6 3. d4 cxd4 4. Nxd4 a6 5. Bd3 Qc7 6. 0-0 Nc6 7. Nxc6 dxc6 8. Qe2 Nf6 9. e5 Nd7 10. c3 Qxe5 11. Qc2 h6 12. f4 Qc7 13. f5 Nf6 14. fxe6 Bxe6 15. Bf5 Bxf5 16. Qxf5 Be7 17. Nd2 0-0 18. Nf3 Rad8 19. Nh4 Rd5 20. Qc2 Ng4 21. Nf3 Qb6+ 22. Kh1 Bc5 23. g3 Be3 24. Qe2 Bxc1 25. Raxc1 Qe3 26. Qg2 Rfd8 27. Rce1 Qc5 28. Nd4 Nf6 29. Rf2 b5 30. Rfe2 R8d7 31. Qf3 b4 32. Nb3 Qd6 33. cxb4 Qxb4 34. Re3 a5 35. a3 Qb6 36. Qe2 a4 37. Qc2 axb3 38. Re8+ 1-0

[Event "POL-chT U20 2nd League"]
[Site "Szczyrk"]
[Date "2017.07.26"]
[Round "6.30"]
[White "Wawrzyniak, Weronika"]
[Black "Polak, Sylwia"]
[Result "1-0"]
[WhiteElo "1302"]
[BlackElo "1454"]
[PlyCount "35"]
[EventDate "2017.07.22"]
[EventType "team-swiss"]
[EventRounds "11"]
[EventCountry "POL"]
[SourceTitle "EXT 2019"]
[Source "ChessBase"]
[SourceDate "2018.10.10"]
[SourceVersion "1"]
[SourceVersionDate "2018.10.10"]
[SourceQuality "1"]

1. e4 c5 2. Nf3 e6 3. d4 cxd4 4. Nxd4 a6 5. Bd3 Qc7 6. Qe2 Nc6 7. Nxc6 dxc6 8. 0-0 Ne7 9. c4 Ng6 10. f4 Be7 11. Be3 0-0 12. Nc3 c5 13. Rae1 Bd7 14. Bc1 Rad8 15. e5 Nh4 16. g3 Nf5 17. Bxf5 exf5 18. Nd5 1-0

[Event "POL-chT U19 2nd League"]
[Site "Iwonicz"]
[Date "2016.07.31"]
[Round "3.36"]
[White "Polak, Sylwia"]
[Black "Hertlein, Irena"]
[Result "0-1"]
[WhiteElo "1128"]
[BlackElo "1488"]
[PlyCount "74"]
[EventDate "2016.07.23"]
[EventType "team-swiss"]
[EventRounds "11"]
[EventCountry "POL"]
[SourceTitle "EXT 2019"]
[Source "ChessBase"]
[SourceDate "2018.10.10"]
[SourceVersion "1"]
[SourceVersionDate "2018.10.10"]
[SourceQuality "1"]
[WhiteTeam "Rzeszow RzKSz U19"]
[BlackTeam "Tarnowskie Gory Strzybniczanka U19"]
[WhiteTeamCountry "POL"]
[BlackTeamCountry "POL"]

1. d4 Nf6 2. c4 g6 3. Nc3 Bg7 4. e4 d6 5. f4 0-0 6. Nf3 Re8 7. Bd3 Nbd7 8. 0-0 e5 9. fxe5 dxe5 10. d5 c6 11. Rb1 Qb6+ 12. Kh1 Ng4 13. Qe2 Nc5 14. Bc2 cxd5 15. Nxd5 Qc6 16. b4 Ne6 17. h3 Nf6 18. Nxe5 Nh5 19. Nxc6 Ng3+ 20. Kh2 Nxe2 21. Nce7+ Kf8 22. g3 Rxe7 23. Nxe7 Kxe7 24. a4 Be5 25. Kg2 Nxg3 26. Re1 Nh5 27. h4 Bd7 28. b5 b6 29. Ba3+ Ke8 30. Bb4 Nhf4+ 31. Kh1 Rc8 32. Bd2 Rxc4 33. Bb3 Rc8 34. Bd5 Rc2 35. Rbd1 Nh3 36. Kg2 Nef4+ 37. Kf3 Nd3 0-1

[Event "POL-chT U19 2nd League"]
[Site "Iwonicz"]
[Date "2016.07.31"]
[Round "6.78"]
[White "Wyrzykowska, Aleksandra"]
[Black "Polak, Sylwia"]
[Result "1/2-1/2"]
[WhiteElo "1251"]
[BlackElo "1128"]
[PlyCount "93"]
[EventDate "2016.07.23"]
[EventType "team-swiss"]
[EventRounds "11"]
[EventCountry "POL"]
[SourceTitle "EXT 2019"]
[Source "ChessBase"]
[SourceDate "2018.10.10"]
[SourceVersion "1"]
[SourceVersionDate "2018.10.10"]
[SourceQuality "1"]
[WhiteTeam "Gdynia MDK U19"]
[BlackTeam "Rzeszow RzKSz U19"]
[WhiteTeamCountry "POL"]
[BlackTeamCountry "POL"]

1. e4 c5 2. Nf3 e6 3. d4 cxd4 4. Nxd4 a6 5. Nc3 Nc6 6. Nf3 Bb4 7. Qd3 Qc7 8. Bd2 Nge7 9. Be2 b5 10. 0-0 0-0 11. a3 Ba5 12. b4 Bb6 13. Be3 Bxe3 14. Qxe3 Bb7 15. Rfd1 Rac8 16. Rd3 Rfd8 17. Rad1 Ng6 18. Qc5 Nce5 19. Qxc7 Rxc7 20. Nxe5 Nxe5 21. Re3 Nc4 22. Bxc4 Rxc4 23. Rdd3 Kf8 24. f3 Ke7 25. e5 Rdc8 26. Kf2 R8c7 27. Kg3 f6 28. exf6+ Kxf6 29. Ne4+ Bxe4 30. Rxe4 Rxe4 31. fxe4 Rxc2 32. Rxd7 Rc3+ 33. Kf4 e5+ 34. Kg4 Rxa3 35. Rb7 Ra2 36. Rb6+ Kf7 37. Kf3 Ra3+ 38. Kf2 h6 39. Ke2 Ra2+ 40. Kf3 Ke7 41. Kg3 Rb2 42. Rxa6 Rxb4 43. Kf3 Rb2 44. Rb6 b4 45. h3 h5 46. Ke3 g5 47. Rg6 1/2-1/2